[Event "StM 2004"]
[Site "Hartberg"]
[Date "2004.??.??"]
[Round "9.12"]
[White "Baumegger, Siegfried"]
[Black "Wegerer, Fred"]
[Result "0-1"]
[WhiteElo "2433"]
[BlackElo "2230"]
[PlyCount "48"]
[EventDate "2004.??.??"]

1. Nf3 Nf6 2. c4 e6 3. g3 d5 4. Bg2 Bd6 5. d4 O-O 6. O-O b6 7. Nc3 Bb7 8. e4
Nxe4 9. Nxe4 dxe4 10. Ng5 Be7 11. Nxe4 Qc8 12. Qc2 Nc6 13. Rd1 e5 14. dxe5 Nxe5
15. Qc3 f6 16. b3 Qf5 17. Qe3 Qh5 18. Bb2 Ng4 19. Qe2 Qxh2+ 20. Kf1 f5 21. Nf6+
Bxf6 22. Bxb7 Rae8 23. Qd2 Bxb2 24. Qxb2 Ne3+ 0-1

[Event "StM 2004"]
[Site "Hartberg"]
[Date "2004.??.??"]
[Round "9.14"]
[White "Schmidlechner, Alexander"]
[Black "Miniboeck, Guenter"]
[Result "1/2-1/2"]
[WhiteElo "2212"]
[BlackElo "2345"]
[PlyCount "69"]
[EventDate "2004.??.??"]

1. d4 Nf6 2. c4 e6 3. Nf3 b6 4. g3 Ba6 5. b3 Bb4+ 6. Bd2 Be7 7. Bg2 c6 8. Bc3
d5 9. Nbd2 Nbd7 10. O-O O-O 11. Re1 c5 12. Bb2 Rc8 13. cxd5 Nxd5 14. dxc5 Nxc5
15. a3 Bf6 16. Ne5 Nd7 17. Ndf3 Nxe5 18. Bxe5 Nc3 19. Qxd8 Rfxd8 20. Bxf6 gxf6
21. Bf1 Rc7 22. e3 Bxf1 23. Kxf1 Rdc8 24. Rec1 Ne4 25. Rxc7 Rxc7 26. Ra2 Rc1+
27. Kg2 Rb1 28. b4 Nc3 29. Rc2 Rb3 30. Nd2 Rxa3 31. Nc4 Rb3 32. Nd2 Ra3 33. Nc4
Rb3 34. Nd2 Ra3 35. Nc4 1/2-1/2

[Event "StM 2004"]
[Site "Hartberg"]
[Date "2004.??.??"]
[Round "9.15"]
[White "Rolletschek, Heinrich"]
[Black "Kastner, Walter"]
[Result "1-0"]
[WhiteElo "2316"]
[BlackElo "2229"]
[PlyCount "79"]
[EventDate "2004.??.??"]

1. e4 c5 2. Nf3 Nc6 3. d4 cxd4 4. Nxd4 e6 5. g3 Nf6 6. Bg2 Qb6 7. Nb3 Qc7 8.
O-O d6 9. Qe2 Be7 10. c4 a6 11. Bf4 O-O 12. Nc3 Ne5 13. Nd2 b6 14. Rac1 Bb7 15.
h3 Rac8 16. Be3 Ned7 17. Rfd1 Qb8 18. Nf1 Bd8 19. g4 Bc7 20. g5 Ne8 21. h4 Qa8
22. Ng3 Nc5 23. f4 Qb8 24. Qf2 f6 25. b4 Nd7 26. Bh3 Kh8 27. Bxe6 Rd8 28. Nd5
Bxd5 29. cxd5 fxg5 30. hxg5 b5 31. Kg2 Bb6 32. Rh1 g6 33. Bd4+ Bxd4 34. Qxd4+
Ng7 35. Nf5 Ne5 36. Nxg7 Rxf4 37. Qc3 Qa7 38. Rxh7+ Kxh7 39. Qh3+ Kxg7 40. Qh6#
1-0

[Event "StM 2004"]
[Site "Hartberg"]
[Date "2004.??.??"]
[Round "9.16"]
[White "Roth, Peter"]
[Black "Genser, Harald"]
[Result "0-1"]
[WhiteElo "2244"]
[BlackElo "2285"]
[PlyCount "26"]
[EventDate "2004.??.??"]

1. e4 c5 2. Nf3 d6 3. Nc3 Nf6 4. Bc4 Nc6 5. d4 cxd4 6. Nxd4 e6 7. Be3 a6 8. Qe2
Qc7 9. O-O-O Be7 10. Bb3 Na5 11. g4 b5 12. g5 Nxb3+ 13. axb3 Nd7 0-1

[Event "StM 2004"]
[Site "Hartberg"]
[Date "2004.??.??"]
[Round "9.17"]
[White "Bezler, Rainer"]
[Black "Holzer, Gerhard"]
[Result "1-0"]
[WhiteElo "2242"]
[BlackElo "2270"]
[PlyCount "53"]
[EventDate "2004.??.??"]

1. d4 Nf6 2. c4 g6 3. Nc3 Bg7 4. e4 d6 5. Nf3 O-O 6. Be2 e5 7. O-O exd4 8. Nxd4
Re8 9. f3 Nc6 10. Nc2 Nh5 11. Nd5 Be5 12. f4 Bg7 13. Bxh5 gxh5 14. f5 Rxe4 15.
f6 Bf8 16. Qxh5 Ne5 17. Bh6 c6 18. Bxf8 Qxf8 19. Ne7+ Kh8 20. b3 Bg4 21. Qg5 h6
22. Qd2 Re2 23. Qc3 Bh5 24. Nd4 Re4 25. Ndf5 d5 26. Ng3 d4 27. Qd2 1-0

[Event "StM 2004"]
[Site "Hartberg"]
[Date "2004.??.??"]
[Round "9.18"]
[White "Petschar, Kurt"]
[Black "Schwab, Rene"]
[Result "0-1"]
[WhiteElo "2289"]
[BlackElo "2240"]
[PlyCount "84"]
[EventDate "2004.??.??"]

1. e4 c6 2. d4 d5 3. exd5 cxd5 4. c4 Nf6 5. Nc3 g6 6. cxd5 Bg7 7. Bc4 O-O 8.
Nge2 Nbd7 9. Bb3 Qa5 10. Bf4 b5 11. a3 Nh5 12. Bg5 Re8 13. O-O Bb7 14. Ne4 Ndf6
15. N2c3 Nxe4 16. Nxe4 Rad8 17. Bd2 Qb6 18. Qe1 Bxd5 19. Ba5 Qe6 20. Bxd8 Bxb3
21. Nc5 Qd5 22. Nxb3 Nf4 23. f3 Qxb3 24. Bc7 Bxd4+ 25. Kh1 e5 26. g3 Nd5 27.
Rc1 Qxb2 28. Bd6 Ne3 29. Rf2 Qb3 30. Bc5 Bxc5 31. Rxc5 Rd8 32. Rd2 Rxd2 33.
Qxd2 Nc4 34. Qf2 a6 35. Kg2 Qxa3 36. Rc8+ Kg7 37. h4 Qd3 38. Re8 b4 39. g4 Ne3+
40. Kh3 Nxg4 41. Qg3 Qd7 42. Ra8 Ne3+ 0-1

[Event "StM 2004"]
[Site "Hartberg"]
[Date "2004.??.??"]
[Round "9.19"]
[White "Mayerhofer, Peter"]
[Black "Brandner, Stefan"]
[Result "1/2-1/2"]
[WhiteElo "2165"]
[BlackElo "2328"]
[PlyCount "76"]
[EventDate "2004.??.??"]

1. e4 e5 2. Nf3 Nc6 3. d4 exd4 4. Bc4 Bc5 5. c3 Nf6 6. O-O Nxe4 7. Re1 d5 8.
cxd4 Be7 9. Bb5 O-O 10. Nc3 Bf5 11. Bxc6 bxc6 12. Ne5 Bd6 13. Bf4 Bxe5 14. Bxe5
Rb8 15. Nxe4 dxe4 16. b3 f6 17. Bg3 Rb4 18. Qd2 Rxd4 19. Qa5 Qd5 20. Qxa7 h5
21. Bxc7 c5 22. Rac1 e3 23. f3 Ra8 24. Qxc5 Rxa2 25. Qxd5+ Rxd5 26. Rcd1 Rc5
27. Rc1 Rd5 28. Rcd1 Rad2 29. Rc1 Rb2 30. Rcd1 Rxd1 31. Rxd1 e2 32. Rd8+ Kf7
33. Kf2 Be6 34. Rb8 Bxb3 35. Rb7 Kg6 36. Ba5 Ra2 37. Rxb3 Rxa5 38. Re3 Ra2
1/2-1/2

[Event "StM 2004"]
[Site "Hartberg"]
[Date "2004.??.??"]
[Round "9.21"]
[White "Sadilek, Alexander"]
[Black "Brod, Manfred"]
[Result "0-1"]
[WhiteElo "2130"]
[BlackElo "2233"]
[PlyCount "62"]
[EventDate "2004.??.??"]

1. e4 c5 2. Nf3 e6 3. d4 cxd4 4. Nxd4 Nf6 5. Nc3 d6 6. g4 Nc6 7. g5 Nd7 8. Be3
Be7 9. Qh5 g6 10. Qh6 Nxd4 11. Bxd4 Bxg5 12. Qh3 O-O 13. Bd3 a6 14. Qg3 e5 15.
Be3 Bxe3 16. Qxe3 Qh4 17. O-O-O Nc5 18. Bc4 Rd8 19. Rhf1 Bh3 20. Rg1 b5 21. Bd5
Rab8 22. Ne2 Be6 23. f4 Bxd5 24. Rxd5 exf4 25. Nxf4 Re8 26. e5 Rxe5 27. Rxe5
dxe5 28. Qxe5 Rc8 29. Kb1 Qxh2 30. Re1 Ne6 31. Nxe6 Qxc2+ 0-1

[Event "StM 2004"]
[Site "Hartberg"]
[Date "2004.??.??"]
[Round "9.24"]
[White "Posch, Werner"]
[Black "Schwaninger, Wolfgang"]
[Result "1/2-1/2"]
[WhiteElo "2172"]
[BlackElo "2255"]
[PlyCount "63"]
[EventDate "2004.??.??"]

1. e4 c5 2. Nc3 Nc6 3. g3 g6 4. Bg2 Bg7 5. d3 d6 6. Be3 e6 7. Qd2 Nge7 8. Bh6
O-O 9. h4 f6 10. Bxg7 Kxg7 11. f4 e5 12. h5 a6 13. hxg6 hxg6 14. fxe5 Nxe5 15.
Qh6+ Kf7 16. Qh7+ Ke8 17. O-O-O Be6 18. d4 cxd4 19. Rxd4 N7c6 20. Rd1 Qe7 21.
Nd5 Bxd5 22. Rxd5 Rc8 23. Qxe7+ Kxe7 24. Rh7+ Rf7 25. Rxf7+ Nxf7 26. Rd2 Nfe5
27. b3 Rh8 28. Ne2 g5 29. Nc3 Ke6 30. Nd5 Ne7 31. Ne3 Rh7 32. a4 1/2-1/2

[Event "StM 2004"]
[Site "Hartberg"]
[Date "2004.??.??"]
[Round "9.25"]
[White "Zsifkovits, Robert"]
[Black "Krebs, Johann"]
[Result "1-0"]
[WhiteElo "2142"]
[BlackElo "2223"]
[PlyCount "105"]
[EventDate "2004.??.??"]

1. e4 c5 2. Nf3 Nc6 3. Bb5 g6 4. Bxc6 dxc6 5. d3 Bg7 6. h3 Nf6 7. Nc3 c4 8. d4
b5 9. Qe2 O-O 10. O-O Qa5 11. Bd2 b4 12. Nd1 Ba6 13. c3 Qa4 14. Re1 c5 15. dxc5
Nd7 16. Qe3 b3 17. a3 Rac8 18. Qg5 Rfe8 19. Be3 Qa5 20. Qf4 Nxc5 21. Bxc5 Qxc5
22. Ne3 Bb7 23. Rad1 Rcd8 24. e5 Bxf3 25. gxf3 Bxe5 26. Qxc4 Qa5 27. Nd5 Bg7
28. Rxe7 Rxe7 29. Nxe7+ Kf8 30. Rxd8+ Qxd8 31. Nd5 Qg5+ 32. Kh2 Qd8 33. Qxb3
Be5+ 34. f4 Bd6 35. c4 f6 36. Kg2 Kf7 37. Qb7+ Ke6 38. Qxa7 Qc8 39. Qe3+ Kf7
40. Qd4 Qe6 41. b4 h5 42. c5 Bf8 43. a4 Bg7 44. Nc7 Qc8 45. Qd5+ Ke7 46. Qd6+
Kf7 47. Nd5 Qf5 48. Qc7+ Kf8 49. Qd8+ Kf7 50. Qg8+ Kxg8 51. Ne7+ Kf7 52. Nxf5
gxf5 53. a5 1-0

[Event "StM 2004"]
[Site "Hartberg"]
[Date "2004.??.??"]
[Round "9.26"]
[White "Ferrari, Josef"]
[Black "Nickl, Klaus"]
[Result "0-1"]
[WhiteElo "2220"]
[BlackElo "2171"]
[PlyCount "142"]
[EventDate "2004.??.??"]

1. c4 Nf6 2. d4 g6 3. Nc3 Bg7 4. e4 O-O 5. Be3 d6 6. f3 Nbd7 7. Qd2 e5 8. d5 a5
9. Nge2 Nc5 10. O-O-O Ne8 11. g4 f5 12. gxf5 gxf5 13. Bg5 Bf6 14. Bh6 Bg7 15.
Bg5 Bf6 16. Be3 f4 17. Bf2 Bh4 18. Bg1 Bd7 19. Kb1 Rf6 20. Nc1 a4 21. Nd3 b6
22. Bf2 Rg6 23. Qe1 Nxd3 24. Bxd3 Rh6 25. Bf1 Kf7 26. Nb5 Qg5 27. Be2 Qh5 28.
Bf1 Ke7 29. Qd2 Qxf3 30. Bxh4+ Rxh4 31. Bd3 Bh3 32. Rhg1 Rg4 33. Qc2 Rg2 34.
Rxg2 Qxg2 35. Rd2 Qg1+ 36. Rd1 Qe3 37. Qc3 Bg2 38. Re1 Qf2 39. Qc1 Kd7 40. Re2
Qf1 41. Rd2 Qxc1+ 42. Kxc1 f3 43. Rf2 Nf6 44. h3 Nh5 45. Bf1 Nf4 46. Nc3 Rg8
47. h4 Rg3 48. c5 Nh3 49. Bb5+ Ke7 50. cxd6+ cxd6 51. Rc2 f2 52. Nxa4 Bxe4 53.
Rc7+ Kf8 54. Nxb6 Rg1+ 55. Kd2 f1=Q 56. Bxf1 Rxf1 57. a4 Rf3 58. Rc3 Nf4 59.
Rc8+ Ke7 60. Rc7+ Ke8 61. Rc8+ Kf7 62. Rc7+ Kg6 63. Rd7 Rd3+ 64. Ke1 Nxd5 65.
Rxd6+ Kf5 66. Nd7 Bf3 67. b4 e4 68. Nc5 Rd1+ 69. Kf2 Rd2+ 70. Ke1 e3 71. Kf1
Rd1# 0-1

[Event "StM 2004"]
[Site "Hartberg"]
[Date "2004.??.??"]
[Round "9.28"]
[White "Titz, Heimo"]
[Black "Kranz, Armin"]
[Result "1/2-1/2"]
[WhiteElo "2217"]
[BlackElo "2149"]
[PlyCount "141"]
[EventDate "2004.??.??"]

1. c4 Nf6 2. Nc3 c5 3. g3 e6 4. Nf3 b6 5. Bg2 Bb7 6. O-O a6 7. d4 cxd4 8. Qxd4
d6 9. Rd1 Be7 10. Ng5 Bxg2 11. Kxg2 O-O 12. Nge4 Ne8 13. Be3 f5 14. Nd2 Nd7 15.
f4 Nc5 16. Nf3 Nf6 17. Rac1 Rb8 18. b4 Nce4 19. Ng5 Qc8 20. Ngxe4 Qb7 21. Kg1
fxe4 22. b5 a5 23. f5 d5 24. cxd5 Bc5 25. Qd2 Bxe3+ 26. Qxe3 exd5 27. Qd4 Rfd8
28. e3 Rd6 29. a4 Rbd8 30. Ne2 Qd7 31. Rf1 Rf8 32. Qe5 Ng4 33. Qf4 h5 34. h3
Nf6 35. Nd4 Ne8 36. g4 hxg4 37. hxg4 Rh6 38. Rc6 Rxc6 39. bxc6 Qd6 40. Qxd6
Nxd6 41. Kf2 Rc8 42. Kg3 Nc4 43. Kf4 Kf7 44. g5 Nb2 45. Ra1 Nd3+ 46. Kg4 Ne5+
47. Kf4 Nd3+ 48. Kg3 Nb2 49. Ra2 Nd3 50. Ra1 Nb2 51. Kg4 Nd3 52. Rb1 Nb4 53.
Rb2 Ke7 54. Rh2 Nxc6 55. Nxc6+ Rxc6 56. Rh7 Kf8 57. Rh8+ Ke7 58. Rb8 d4 59.
Rb7+ Kf8 60. exd4 Rd6 61. Kf4 Rxd4 62. Rxb6 Rxa4 63. g6 Rb4 64. Ra6 a4 65. Ra8+
Ke7 66. Rg8 e3+ 67. Kxe3 Kf6 68. Rf8+ Kg5 69. f6 Kxg6 70. fxg7 Kxg7 71. Ra8
1/2-1/2

[Event "StM 2004"]
[Site "Hartberg"]
[Date "2004.??.??"]
[Round "9.29"]
[White "Poeltl, Thomas"]
[Black "Hosp, Reinhard"]
[Result "1-0"]
[WhiteElo "2217"]
[BlackElo "2131"]
[PlyCount "107"]
[EventDate "2004.??.??"]

1. d4 d5 2. Nf3 c6 3. g3 Nf6 4. Bg2 Nbd7 5. O-O e6 6. b3 Bd6 7. Bb2 O-O 8. c4
Re8 9. Nc3 Nf8 10. Qd3 Ng6 11. Rfd1 Bd7 12. e4 Bb4 13. e5 Ng4 14. h3 Nh6 15.
Ne2 f6 16. exf6 gxf6 17. Nc3 Kh8 18. Re1 Rg8 19. Kh1 Rg7 20. Nh2 Bd6 21. Nd1
Qc7 22. c5 Be7 23. Ne3 Rag8 24. f4 Qc8 25. Rg1 e5 26. dxe5 fxe5 27. fxe5 Be6
28. Bd4 Nf8 29. g4 Ng6 30. Raf1 Rf8 31. Rxf8+ Qxf8 32. Rf1 Rf7 33. Rxf7 Nxf7
34. Nf5 Bxc5 35. Nf3 Bxd4 36. Qxd4 Qb8 37. Nd6 Kg8 38. Nxf7 Kxf7 39. Bf1 b6 40.
b4 Ke7 41. Bd3 Qf8 42. Kg2 Qh6 43. Kg3 Kd7 44. a4 Qc1 45. Bxg6 hxg6 46. Qd3 Qc4
47. Qxg6 Qxb4 48. h4 c5 49. h5 c4 50. h6 Qf8 51. h7 Qh8 52. Kf4 c3 53. Nd4 Bxg4
54. Qxg4+ 1-0

[Event "StM 2004"]
[Site "Hartberg"]
[Date "2004.??.??"]
[Round "9.30"]
[White "Koffler, Daniel"]
[Black "Zoebisch, Herbert"]
[Result "1/2-1/2"]
[WhiteElo "2080"]
[BlackElo "2187"]
[PlyCount "30"]
[EventDate "2004.??.??"]

1. Nf3 d5 2. d4 Nf6 3. c4 dxc4 4. e3 e6 5. Bxc4 c5 6. O-O a6 7. dxc5 Bxc5 8.
Qxd8+ Kxd8 9. Rd1+ Ke7 10. a3 b5 11. Be2 Bb7 12. b4 Bd6 13. Bb2 Nbd7 14. Nbd2
Rac8 15. Rac1 Rxc1 1/2-1/2

[Event "StM 2004"]
[Site "Hartberg"]
[Date "2004.??.??"]
[Round "9.32"]
[White "Schein, Karl-Heinz"]
[Black "Scheffknecht, Philipp"]
[Result "1-0"]
[WhiteElo "2253"]
[BlackElo "2171"]
[PlyCount "69"]
[EventDate "2004.??.??"]

1. e4 c5 2. Nf3 e6 3. d3 b6 4. g3 Bb7 5. Bg2 d6 6. O-O Nd7 7. Nc3 Ngf6 8. Nh4
a6 9. f4 b5 10. Qe2 b4 11. Nd1 e5 12. Ne3 g6 13. Nc4 Qc7 14. f5 Be7 15. Bg5 Ng8
16. Bxe7 Nxe7 17. Qd2 f6 18. fxg6 hxg6 19. a3 a5 20. Qe2 g5 21. Nf5 Nxf5 22.
Rxf5 Ke7 23. Rf2 Rag8 24. Bf3 Nf8 25. Bg4 Rg6 26. Ne3 Kd8 27. Raf1 Nh7 28. Bf5
Rg7 29. Bxh7 Rgxh7 30. Rxf6 Qe7 31. R6f2 Kc7 32. Ng4 Kb6 33. axb4 axb4 34. c3
Ba6 35. Nf6 1-0

[Event "StM 2004"]
[Site "Hartberg"]
[Date "2004.??.??"]
[Round "9.33"]
[White "Bachofner, Andreas"]
[Black "Wolfram, Dominik"]
[Result "1/2-1/2"]
[WhiteElo "2230"]
[BlackElo "2102"]
[PlyCount "27"]
[EventDate "2004.??.??"]

1. e4 c5 2. Nc3 Nc6 3. f4 g6 4. Nf3 Bg7 5. Bc4 e6 6. O-O Nge7 7. e5 d5 8. exd6
Qxd6 9. Ne4 Qc7 10. d3 b6 11. Qe1 O-O 12. a3 h6 13. Rb1 a6 14. Bd2 1/2-1/2

[Event "StM 2004"]
[Site "Hartberg"]
[Date "2004.08.01"]
[Round "9.34"]
[White "Herndlbauer, Martin"]
[Black "Hatzl, Stefan"]
[Result "0-1"]
[WhiteElo "2145"]
[BlackElo "2213"]
[PlyCount "68"]
[EventDate "2004.??.??"]

1. e4 c5 2. Nf3 d6 3. d4 cxd4 4. Nxd4 Nf6 5. Nc3 a6 6. Be3 e5 7. Nb3 Be6 8. f3
Be7 9. Qd2 O-O 10. g4 d5 11. g5 d4 12. gxf6 Bxf6 13. Nc5 dxe3 14. Qxd8 Rxd8 15.
Nxe6 fxe6 16. h4 Rd2 17. Rd1 Rxc2 18. Bc4 Nc6 19. Bxe6+ Kh8 20. Bb3 Rxb2 21.
Rd3 Nd4 22. Rxe3 Nxb3 23. axb3 Rxb3 24. Kd2 Rb2+ 25. Kd3 Rc8 26. h5 Bg5 27. Re2
Rxc3+ 28. Kxc3 Rxe2 29. Rb1 Re3+ 30. Kc4 Rxf3 31. Rxb7 h6 32. Kd5 Bf6 33. Ra7
Rh3 34. Ke6 Rxh5 0-1

[Event "StM 2004"]
[Site "Hartberg"]
[Date "2004.08.01"]
[Round "9.37"]
[White "Krenek, Markus"]
[Black "Halser, Walter"]
[Result "1/2-1/2"]
[WhiteElo "2117"]
[BlackElo "2120"]
[PlyCount "22"]
[EventDate "2004.??.??"]

1. e4 e5 2. Nf3 Nc6 3. Bb5 Nd4 4. Bc4 d6 5. c3 Nxf3+ 6. Qxf3 Qf6 7. Qxf6 Nxf6
8. d3 Be7 9. O-O O-O 10. Bg5 Be6 11. Nd2 Rfe8 1/2-1/2

[Event "StM 2004"]
[Site "Hartberg"]
[Date "2004.08.01"]
[Round "9.38"]
[White "Kuthan, Andreas"]
[Black "Almer, Gerald"]
[Result "1-0"]
[WhiteElo "2269"]
[BlackElo "2105"]
[PlyCount "69"]
[EventDate "2004.??.??"]

1. e4 c5 2. c3 d6 3. d4 Nc6 4. Nf3 Bd7 5. h3 a6 6. d5 Ne5 7. Nxe5 dxe5 8. Bd3
e6 9. O-O exd5 10. exd5 Bd6 11. Nd2 Ne7 12. Nc4 Qc7 13. f4 exf4 14. Nxd6+ Qxd6
15. Bxf4 Qxd5 16. Qe2 Be6 17. Be4 Qd7 18. Rad1 Qb5 19. Qf2 O-O 20. Bd6 Bxa2 21.
Bxe7 Rfe8 22. Qh4 h6 23. Bd3 Qb6 24. c4 Qxb2 25. Bxc5 Rad8 26. Qf4 Qf6 27. Qc7
Qg5 28. Qxf7+ Kh8 29. Rf5 Qg3 30. Bf2 Qb8 31. Qg6 Rxd3 32. Rxd3 Bb1 33. Rd7 Rg8
34. Bd4 Qf8 35. Qxh6# 1-0